Sasanian and Post-Sasanian glass : in the Corning Museum of Glass /

محفوظ في:

المؤلف الرئيسي: Corning Museum of Glass

التنسيق: كتاب

اللغة: Undetermined

منشور في: Corning, NY : Corning Museum of Glass, 2005.

الموضوعات:

الوسوم: إضافة وسم

لا توجد وسوم, كن أول من يضع وسما على هذه التسجيلة!

رقم الطلب: NK5174 .A1 W45

LEADER 00756nam a2200181Ia 4500
008 220401s9999||||xx |||||||||||||| ||und||
020 |a 872901580 
050 4 |a NK5174 .A1 W45 
100 1 |a Corning Museum of Glass 
245 1 0 |a Sasanian and Post-Sasanian glass :  |b in the Corning Museum of Glass /  |c Corning Museum of Glass. 
264 1 |a Corning, NY :  |b Corning Museum of Glass,  |c 2005. 
300 |a 112p. :  |b ill. (some col.) ;  |c 29cm. 
500 |a includes bibliographical references and index. 
650 1 4 |a Corning Museum of Glass Catalogs. 
650 1 4 |a Glassware, Sassanid Catalogs. 
942 |2 lcc  |c BK 
952 |0 0  |1 0  |2 lcc  |4 0  |6 NK5174 A1 W45  |7 1  |9 39278  |a ARCE  |b ARCE  |d 2022-04-01  |l 0  |o NK5174 .A1 W45  |p 1003327  |r 2022-04-01 00:00:00  |w 2022-04-01  |y BK 
999 |c 46859  |d 46859